Math Encryption Puzzle - Statistics

General Stats
  • This quiz has been taken 34 times
  • The average score is 13 of 34
Answer Stats
Hint Fill-in-the-Blank Answer % Correct
a shape with eight sides [NOT USED] octagon
97%
symbol used to represent square root of negative number [NOT USED] i
77%
3.14159... [NOT USED] pi
77%
the part of a grid that goes up and down _-axis y
77%
the area around a shape [NOT USED] perimeter
67%
number that is under 0 ________ Number negative
63%
2.718... _____'s Number Euler
60%
1/2 of the diameter of a circle [NOT USED] radius
57%
e = mc^2 Theory of __________ Relativity
57%
36 inches simplified [NOT USED] yard
57%
basically the average [NOT USED] mean
53%
1.618... also known as phi The ______ Ratio Golden
50%
a number larger than any number: uncountable [NOT USED] infinity
50%
6.022 x 10^23, also known as a mole ________'s Number Avogadro
47%
the first one but for a circle [NOT USED] circumference
37%
coordinate 0,0 on a coordinate plane [NOT USED] origin
37%
the study of triangles [NOT USED] trigonometry
37%
equally distant [NOT USED] equidistant
33%
type of triangle in which all 3 sides have different lengths _______ Triangle scalene
33%
the outside measurement of a 3-dimensional shape _______ Area surface
33%
a comparison of 2 quantites [NOT USED] ratio
30%
subject using variables [NOT USED] algebra
27%
largest factor for 2 or more numbers (abbreviation) [NOT USED] GCF
27%
an algebra term where you leave the variable by itself [NOT USED] isolate
27%
math problem not containing equal sign or inequality [NOT USED] expression
23%
donut-like 3-dimensional shape [NOT USED] torus
20%
cone's top [NOT USED] apex
13%
spring-like 3-dimensional shape [NOT USED] helix
13%
compute [NOT USED] evaluate
7%
set of possible outcomes [NOT USED] event
7%
allows the computation of the limit of an expression by trapping the expression between two other expressions ________ Theorem Sandwich
7%
the same as the one above the one above this one _______ Theorem Squeeze
7%
Now, put it all together! [NOT USED] Poetry is as precise a thing as geometry.
3%
real non-algebraic numbers [NOT USED] transcandental
0%
No matching quizzes found
Score Distribution
Percent of People with Each Score
Percentile by Number Answered
Your Score History
You have not taken this quiz